El puerto de Bahía Blanca tras la reforma del estado : desregulación, descentralización y transformación.
Guardado en:
| Autor Principal: | |
|---|---|
| Formato: | Libro |
| Idioma: | Spanish |
| Publicado: |
Bahía Blanca :
Ediuns,
2006.
|
| Edición: | 1a. ed. |
| Series: | Extensión
|
| Materias: | |
| Etiquetas: |
Agregar Etiqueta
Sin Etiquetas, Sea el primero en etiquetar este registro!
|
| LEADER | 00614nam a22001815a 4500 | ||
|---|---|---|---|
| 001 | DER.der015059 | ||
| 008 | 241104s2006####ag############000#0#spa#d | ||
| 005 | 20241104121032.0 | ||
| 245 | 1 | 0 | |a El puerto de Bahía Blanca tras la reforma del estado : |b desregulación, descentralización y transformación. |
| 250 | |a 1a. ed. | ||
| 260 | |a Bahía Blanca : |b Ediuns, |c 2006. | ||
| 300 | |a 94 p. | ||
| 490 | 1 | |a Extensión | |
| 020 | |a 987117151X | ||
| 100 | 1 | |a Trujillo, Luciano A. | |
| 650 | 7 | |a DERECHO DE LA NAVEGACION | |
| 859 | |a DERECHO |b BIB. DERECHO |h 343.096 7 |i TRU |p 008728 | ||
| 859 | |a DERECHO |b BIB. DERECHO |h 343.096 7 |i TRU |p 008729 |t 1 | ||
